<?xml version="1.0" encoding="UTF-8"?>
<marc:record xmlns:marc="http://www.loc.gov/MARC21/slim" type="Bibliographic">
   <marc:leader>00000nam a2200000 c 4500</marc:leader>
   <marc:controlfield tag="001">944342353</marc:controlfield>
   <marc:controlfield tag="003">DE-101</marc:controlfield>
   <marc:controlfield tag="005">20171202214839.0</marc:controlfield>
   <marc:controlfield tag="007">tu</marc:controlfield>
   <marc:controlfield tag="008">950509s1995    gw ||||| |||| 00||||ger  </marc:controlfield>
   <marc:datafield ind1=" " ind2=" " tag="015">
      <marc:subfield code="a">95,A25,0400</marc:subfield>
      <marc:subfield code="2">dnb</marc:subfield>
   </marc:datafield>
   <marc:datafield ind1="7" ind2=" " tag="016">
      <marc:subfield code="2">DE-101</marc:subfield>
      <marc:subfield code="a">944342353</marc:subfield>
   </marc:datafield>
   <marc:datafield ind1=" " ind2=" " tag="020">
      <marc:subfield code="a">9783492121354</marc:subfield>
      <marc:subfield code="c">kart. : DM 19.90, S 155.00</marc:subfield>
      <marc:subfield code="9">978-3-492-12135-4</marc:subfield>
   </marc:datafield>
   <marc:datafield ind1=" " ind2=" " tag="020">
      <marc:subfield code="a">3492121357</marc:subfield>
      <marc:subfield code="c">kart. : DM 19.90, S 155.00</marc:subfield>
      <marc:subfield code="9">3-492-12135-7</marc:subfield>
   </marc:datafield>
   <marc:datafield ind1=" " ind2=" " tag="035">
      <marc:subfield code="a">(DE-599)DNB944342353</marc:subfield>
   </marc:datafield>
   <marc:datafield ind1=" " ind2=" " tag="035">
      <marc:subfield code="a">(OCoLC)75559262</marc:subfield>
   </marc:datafield>
   <marc:datafield ind1=" " ind2=" " tag="040">
      <marc:subfield code="a">1240</marc:subfield>
      <marc:subfield code="b">ger</marc:subfield>
      <marc:subfield code="c">DE-101</marc:subfield>
      <marc:subfield code="d">9999</marc:subfield>
   </marc:datafield>
   <marc:datafield ind1=" " ind2=" " tag="041">
      <marc:subfield code="a">ger</marc:subfield>
   </marc:datafield>
   <marc:datafield ind1=" " ind2=" " tag="044">
      <marc:subfield code="c">XA-DE</marc:subfield>
   </marc:datafield>
   <marc:datafield ind1=" " ind2=" " tag="084">
      <marc:subfield code="a">17</marc:subfield>
      <marc:subfield code="a">36</marc:subfield>
      <marc:subfield code="a">16</marc:subfield>
      <marc:subfield code="a">44</marc:subfield>
      <marc:subfield code="a">330</marc:subfield>
      <marc:subfield code="a">380</marc:subfield>
      <marc:subfield code="a">650</marc:subfield>
      <marc:subfield code="a">670</marc:subfield>
      <marc:subfield code="q">DE-101</marc:subfield>
      <marc:subfield code="2">sdnb</marc:subfield>
   </marc:datafield>
   <marc:datafield ind1=" " ind2=" " tag="084">
      <marc:subfield code="a">31.5</marc:subfield>
      <marc:subfield code="a">10.3c</marc:subfield>
      <marc:subfield code="q">DE-101</marc:subfield>
      <marc:subfield code="2">sswd</marc:subfield>
   </marc:datafield>
   <marc:datafield ind1="1" ind2=" " tag="100">
      <marc:subfield code="0">(DE-588)12156049X</marc:subfield>
      <marc:subfield code="0">https://d-nb.info/gnd/12156049X</marc:subfield>
      <marc:subfield code="0">(DE-101)12156049X</marc:subfield>
      <marc:subfield code="a">Scheer, Hermann</marc:subfield>
      <marc:subfield code="d">1944-2010</marc:subfield>
      <marc:subfield code="e">Verfasser</marc:subfield>
      <marc:subfield code="4">aut</marc:subfield>
      <marc:subfield code="2">gnd</marc:subfield>
   </marc:datafield>
   <marc:datafield ind1="1" ind2="0" tag="245">
      <marc:subfield code="a">Sonnen-Strategie</marc:subfield>
      <marc:subfield code="b">Politik ohne Alternative ; mit 18 Tabellen</marc:subfield>
      <marc:subfield code="c">Hermann Scheer</marc:subfield>
   </marc:datafield>
   <marc:datafield ind1=" " ind2=" " tag="250">
      <marc:subfield code="a">5. Aufl., aktualisierte Neuausg. 1995, (1. Aufl. der Neuausg.), 18. - 24. Tsd., (1. - 7. Tsd. der Neuausg.)</marc:subfield>
   </marc:datafield>
   <marc:datafield ind1=" " ind2=" " tag="259">
      <marc:subfield code="a">15</marc:subfield>
   </marc:datafield>
   <marc:datafield ind1=" " ind2="1" tag="264">
      <marc:subfield code="a">München</marc:subfield>
      <marc:subfield code="a">Zürich</marc:subfield>
      <marc:subfield code="b">Piper</marc:subfield>
      <marc:subfield code="c">1995</marc:subfield>
   </marc:datafield>
   <marc:datafield ind1=" " ind2=" " tag="300">
      <marc:subfield code="a">303 S.</marc:subfield>
      <marc:subfield code="b">graph. Darst., Kt.</marc:subfield>
      <marc:subfield code="c">22 cm</marc:subfield>
   </marc:datafield>
   <marc:datafield ind1=" " ind2=" " tag="336">
      <marc:subfield code="a">Text</marc:subfield>
      <marc:subfield code="b">txt</marc:subfield>
      <marc:subfield code="2">rdacontent</marc:subfield>
   </marc:datafield>
   <marc:datafield ind1=" " ind2=" " tag="337">
      <marc:subfield code="a">ohne Hilfsmittel zu benutzen</marc:subfield>
      <marc:subfield code="b">n</marc:subfield>
      <marc:subfield code="2">rdamedia</marc:subfield>
   </marc:datafield>
   <marc:datafield ind1=" " ind2=" " tag="338">
      <marc:subfield code="a">Band</marc:subfield>
      <marc:subfield code="b">nc</marc:subfield>
      <marc:subfield code="2">rdacarrier</marc:subfield>
   </marc:datafield>
   <marc:datafield ind1="1" ind2=" " tag="490">
      <marc:subfield code="a">Piper</marc:subfield>
      <marc:subfield code="v">Bd. 2135</marc:subfield>
   </marc:datafield>
   <marc:datafield ind1=" " ind2="7" tag="650">
      <marc:subfield code="0">(DE-588)4014736-8</marc:subfield>
      <marc:subfield code="0">https://d-nb.info/gnd/4014736-8</marc:subfield>
      <marc:subfield code="0">(DE-101)040147363</marc:subfield>
      <marc:subfield code="a">Energieversorgung</marc:subfield>
      <marc:subfield code="9">rswk-swf</marc:subfield>
      <marc:subfield code="2">gnd</marc:subfield>
   </marc:datafield>
   <marc:datafield ind1=" " ind2="7" tag="650">
      <marc:subfield code="0">(DE-588)4055572-0</marc:subfield>
      <marc:subfield code="0">https://d-nb.info/gnd/4055572-0</marc:subfield>
      <marc:subfield code="0">(DE-101)040555720</marc:subfield>
      <marc:subfield code="a">Sonnenenergie</marc:subfield>
      <marc:subfield code="9">rswk-swf</marc:subfield>
      <marc:subfield code="2">gnd</marc:subfield>
   </marc:datafield>
   <marc:datafield ind1=" " ind2="7" tag="650">
      <marc:subfield code="0">(DE-588)4120814-6</marc:subfield>
      <marc:subfield code="0">https://d-nb.info/gnd/4120814-6</marc:subfield>
      <marc:subfield code="0">(DE-101)041208145</marc:subfield>
      <marc:subfield code="a">Nutzung</marc:subfield>
      <marc:subfield code="9">rswk-swf</marc:subfield>
      <marc:subfield code="2">gnd</marc:subfield>
   </marc:datafield>
   <marc:datafield ind1="0" ind2="0" tag="689">
      <marc:subfield code="0">(DE-588)4014736-8</marc:subfield>
      <marc:subfield code="0">https://d-nb.info/gnd/4014736-8</marc:subfield>
      <marc:subfield code="0">(DE-101)040147363</marc:subfield>
      <marc:subfield code="D">s</marc:subfield>
      <marc:subfield code="a">Energieversorgung</marc:subfield>
   </marc:datafield>
   <marc:datafield ind1="0" ind2="1" tag="689">
      <marc:subfield code="0">(DE-588)4055572-0</marc:subfield>
      <marc:subfield code="0">https://d-nb.info/gnd/4055572-0</marc:subfield>
      <marc:subfield code="0">(DE-101)040555720</marc:subfield>
      <marc:subfield code="D">s</marc:subfield>
      <marc:subfield code="a">Sonnenenergie</marc:subfield>
   </marc:datafield>
   <marc:datafield ind1="0" ind2="2" tag="689">
      <marc:subfield code="0">(DE-588)4120814-6</marc:subfield>
      <marc:subfield code="0">https://d-nb.info/gnd/4120814-6</marc:subfield>
      <marc:subfield code="0">(DE-101)041208145</marc:subfield>
      <marc:subfield code="D">s</marc:subfield>
      <marc:subfield code="a">Nutzung</marc:subfield>
   </marc:datafield>
   <marc:datafield ind1="0" ind2=" " tag="689">
      <marc:subfield code="5">DE-101</marc:subfield>
      <marc:subfield code="5">DE-101</marc:subfield>
   </marc:datafield>
   <marc:datafield ind1=" " ind2="0" tag="830">
      <marc:subfield code="a">Piper</marc:subfield>
      <marc:subfield code="v">Bd. 2135</marc:subfield>
      <marc:subfield code="w">(DE-101)015122727</marc:subfield>
      <marc:subfield code="w">(DE-600)970675-6</marc:subfield>
      <marc:subfield code="9">42135</marc:subfield>
      <marc:subfield code="7">as</marc:subfield>
   </marc:datafield>
   <marc:datafield ind1=" " ind2=" " tag="850">
      <marc:subfield code="a">DE-101a</marc:subfield>
      <marc:subfield code="a">DE-101b</marc:subfield>
   </marc:datafield>
   <marc:datafield ind1="4" ind2="2" tag="856">
      <marc:subfield code="m">V:DE-605</marc:subfield>
      <marc:subfield code="q">application/pdf</marc:subfield>
      <marc:subfield code="u">https://d-nb.info/944342353/04</marc:subfield>
      <marc:subfield code="3">Inhaltsverzeichnis</marc:subfield>
   </marc:datafield>
   <marc:datafield ind1="r" ind2=" " tag="925">
      <marc:subfield code="a">ra</marc:subfield>
   </marc:datafield>
</marc:record>
